| 000 | 00885nam0a2200253 4500 | ||
|---|---|---|---|
| 001 | RU\NLR\BIBL_A\022559817 | ||
| 005 | 20250630182302.0 | ||
| 035 | _a(NLR Aleph) 022559817 | ||
| 090 |
_a13435997 _c13435997 |
||
| 100 | _a20250605d1949 |||y0rusy50 ca | ||
| 101 | 0 | _aaze | |
| 102 | _aAZ | ||
| 105 | _aa z 000 y | ||
| 181 | 0 |
_ai _baxxe |
|
| 182 | 0 | _an | |
| 200 | 1 |
_aКолхоз арыханаларында габагтәпә арысындан истифадә едәк _fЕ. А. Шишикин _g[ред.: А. Абдуллаев] |
|
| 203 |
_aТекст _bвизуальный _cнепосредственный |
||
| 210 |
_aБакы _cАзәрнәшр _d1949 |
||
| 215 |
_a58,[1] с. _cил. _d20 |
||
| 541 | 1 |
_aКабахтапинскую пчелу колхозным пасекам _zrus |
|
| 700 | 1 |
_aШишикин _bЕ. А. _4070 |
|
| 942 | _cBOOK | ||
| 980 | _aNB | ||